Southville International School and Colleges
Your cart is empty.
  • Cart
  • Lists
    Public lists Eva Luna New books Lux_list list_1
    Your lists Log in to create your own lists
  • Log in to your account
  • Your cookies
  • Search history
Southville International School and Colleges
  • Advanced search
  • Recent comments
  • Most popular
  • Libraries

Log in to your account

Log in with GOOGLE


If you do not have an external account, but do have a local account, you can still log in:

  1. Home
  2. MARC view: A Time for truth /
Normal view MARC view ISBD view

A Time for truth / (Record no. 288433)

[ view plain ]
MARC details
000 -LEADER
fixed length control field 00665cam a22002293a 4500
001 - CONTROL NUMBER
control field 16389782
003 - CONTROL NUMBER IDENTIFIER
control field PILC
005 - DATE AND TIME OF LATEST TRANSACTION
control field 20150824081415.0
008 - FIXED-LENGTH DATA ELEMENTS--GENERAL INFORMATION
fixed length control field 980205s1979 xxu 000 1 eng
010 ## - LIBRARY OF CONGRESS CONTROL NUMBER
LC control number 97821339
020 ## - INTERNATIONAL STANDARD BOOK NUMBER
International Standard Book Number 0425041859
035 ## - SYSTEM CONTROL NUMBER
System control number (DLC) 97821339
040 ## - CATALOGING SOURCE
Original cataloging agency DLC
Transcribing agency DLC
Modifying agency DLC
050 00 - LIBRARY OF CONGRESS CALL NUMBER
Classification number HN 65
Item number .Si561 1979
100 1# - MAIN ENTRY--PERSONAL NAME
Personal name Simon, William E.
245 12 - TITLE STATEMENT
Title A Time for truth /
Statement of responsibility, etc William E. Simon.
260 ## - PUBLICATION, DISTRIBUTION, ETC. (IMPRINT)
Place of publication, distribution, etc New York :
Name of publisher, distributor, etc Berkley Books,
Date of publication, distribution, etc 1979.
300 ## - PHYSICAL DESCRIPTION
Extent 280 pages ;
Dimensions 18 cm.
710 2# - ADDED ENTRY--CORPORATE NAME
Corporate name or jurisdiction name as entry element Copyright Paperback Collection (Library of Congress)
Institution to which field applies DLC
906 ## - LOCAL DATA ELEMENT F, LDF (RLIN)
a 7
b cbc
c orignew
d 2
e ncip
f 19
g y-genrareb
942 ## - ADDED ENTRY ELEMENTS (KOHA)
Source of classification or shelving scheme Library of Congress Classification
Koha item type Books
Call number prefix Foreign
Holdings
Withdrawn status Lost status Source of classification or shelving scheme Damaged status Home library Current library Shelving location Date acquired Source of acquisition Sub Shelving location Total Checkouts Full call number Barcode Date last seen Price effective from Koha item type
    Library of Congress Classification   College Library College Library General Circulation Section 08/24/2015 Donation     HN 65 .Si561 1979 C19726 05/15/2018 08/24/2015 Books

A Time for truth /

APA

Simon W. E., Copyright Paperback Collection (Library of Congress), . (1979). A Time for truth. New York: Berkley Books.

Chicago

Simon William E, Copyright Paperback Collection (Library of Congress), . 1979. A Time for truth. New York: Berkley Books.

Harvard

Simon W. E., Copyright Paperback Collection (Library of Congress), . (1979). A Time for truth. New York: Berkley Books.

MLA

Simon William E, Copyright Paperback Collection (Library of Congress), . A Time for truth. New York: Berkley Books. 1979.

  • Place hold
  • Print
  • Cite
  • Add to your cart (remove)
  • Save record
    BIBTEX Dublin Core MARCXML MARC (non-Unicode/MARC-8) MARC (Unicode/UTF-8) MARC (Unicode/UTF-8, Standard) MODS (XML) RIS
  • More searches
    Search for this title in:
    Other Libraries (WorldCat) Other Databases (Google Scholar) Online Stores (Bookfinder.com) Open Library (openlibrary.org)

Exporting to Dublin Core...

SOUTHVILLE LIBRARY

Southville International School and Colleges Library

1281 Tropical Ave. Cor. Luxembourg St., BF Homes International, Las Pinas City

Tel. No. 8256374 / 252358 Loc. 117/146

Powered by Koha